| 000 | 01496 am a2200421 a 4500 | ||
|---|---|---|---|
| 005 | 20240517113742.0 | ||
| 008 | 100504s1996||||ag a f |||| 000 0 spa d | ||
| 020 | _aS/N | ||
| 041 | _aspa | ||
| 092 |
_c612.103 _l51 _sMAN |
||
| 245 |
_aManual de fisiología cardiovascular / _cMaria Teresa Márquez |
||
| 250 | _a2a ed. | ||
| 260 |
_aBuenos Aires: _bS/N; _c1996. |
||
| 300 |
_a183 p. _bil. |
||
| 500 | _aMárquez, M. T. et al. (1996). Manual de fisiología cardiovascular. (2a ed.). Buenos Aires : S/N. | ||
| 590 | _aDonación Cecilia Fontana, 2007 | ||
| 653 | _aAparato cardiovascular | ||
| 653 | _aLeyes generales de la circulación | ||
| 653 | _aPresión arterial sistemica | ||
| 653 | _aElectrofisiología | ||
| 653 | _aElectrocardiografía | ||
| 653 | _aMúsculo cardíaco | ||
| 653 | _aActividad mecanica del corazón | ||
| 653 | _aRegulación del volumen minuto cardiaco | ||
| 653 | _aPresión arterial. regulación | ||
| 653 | _aCirculación coronaria | ||
| 653 | _aAdapatación cardiovacular al ejercicio muscular | ||
| 653 | _aRegulación autonoma de la función cardiaca | ||
| 653 | _aFisiología del endotelio vascular | ||
| 653 | _aFisiología del diastole y funcion diastolica | ||
| 700 | 1 |
_aAhuad Guerrero, Rafael. _9229 |
|
| 700 | 1 |
_aAhuad Guerrero, Rodolfo A. _9230 |
|
| 700 | 1 |
_aBerreta, Julio Alberto (h). _9231 |
|
| 700 | 1 |
_aSappia Etcheto, Juan Pablo. _9232 |
|
| 700 | 1 |
_aMárquez, María Teresa. _9228 |
|
| 930 | _a1814 | ||
| 942 |
_2ddc _cBK |
||
| 999 |
_c293 _d293 |
||